000 01035nam0a22002531 4500
001 rc\816354
005 20250622002606.0
035 _a(NLR Aleph) 005999314
090 _a7211555
_c7211555
100 _a20041129d1983 |||y0rusy50 ca
101 0 _arus
102 _aRU
105 _aa |||||||||
200 1 _aНиколай Алексеевич Шило
_fАН СССР
_gБиблиогр. сост. Р.И. Кузьменко, С.В. Семеновой
_gВступ. ст. Ю.А. Косыгина, Ю.В. Шумилова [с. 10-39]
210 _aМ.
_cНаука
_d1983
215 _a107 с., 1 л. портр.
_d16
225 1 _aМатериалы к биобиблиографии ученых СССР
_iСерия геологических наук
_vВып. 31
300 _aНа обл. загл. сер.: Биобиблиография ученых СССР
702 1 _aКузьменко
_bР.И.
_4220
801 0 _aRU
_bNLR
_gpsbo
801 1 _aRU
_bELAR
_2rusmarc
852 _aNLR
_bС
_jК-1/1834
942 _cBOOK
980 _aNB